Lisabonská zmluva a postavenie Národnej rady Slovenskej republiky

Bibliographic Details
Main Author: Balog, Boris, 1976- (Author)
Format: Article
Language:Slovak
ISSN:1337-6810
Subjects:

MARC

LEADER 00000nab a2200000 a 4500
001 vtls010196222
003 SK-MaSNL
005 20260304163106.0
008 250507c2010 xo ||||||||||||00 b|slo
015 |a SNBRB2010/11  |2 snkbucl 
035 |a (sysno)vtls010196222 
035 |a urn:nbn:sk:snk-ab75e9 
035 |a (uuid)a35038d7-d6d9-4bc3-a0e4-c6c8c2932d22 
035 |a (urnnbn)urn:nbn:sk:snk:ar-a06y10 
038 |a SNKBUCL 
040 |a SNKBUCL  |b slo  |c SNKBUCL  |e AACR2 
041 0 |a slo  |b eng 
044 |a xo  |c SK 
080 |a 341.24  |2 2001 
080 |a 321.015  |2 2001 
080 |a 328.1  |x (437.6)  |2 2001 
100 1 |a Balog, Boris,  |d 1976-  |4 aut  |9 158009 
245 1 0 |a Lisabonská zmluva a postavenie Národnej rady Slovenskej republiky  |c Boris Balog 
504 |a Bibliogr. odkazy 
546 |a Res. angl. 
610 1 7 |a Slovensko.  |b Národná rada  |2 snkbucl  |9 165573 
630 0 7 |a Lisabonská zmluva  |2 snkbucl  |9 480126 
650 0 7 |a subsidiarita  |2 snkbucl  |9 1022 
773 0 |t Notitiae ex Academia Bratislavensi Iurisprudentiae  |g Roč. 4, č. 1 (2010), s. 21-36  |x 1337-6810 
850 |a Slovenská národná knižnica 
852 |a Slovenská národná knižnica 
954 |a odborná, vedecká literatúra pôvodná (slovenská)  |2 lita 
958 |a article 
958 |a OND 
958 |a SK 
958 |a NB 
958 |a EUIPO 
999 |c 2976608  |d 2978538